| 000 | 01070cam a22002651 4500 | ||
|---|---|---|---|
| 001 | war23000008 | ||
| 003 | DLC | ||
| 005 | 20260227112812.0 | ||
| 008 | 790529s1922 dcua b f000 0 eng c | ||
| 010 | _awar23000008 | ||
| 035 | _a(OCoLC)5011895 | ||
| 040 |
_aU.S. Army War Coll. Libr. _cMdAN _dOCoLC _dDLC |
||
| 042 | _apremarc | ||
| 050 | 0 | 0 |
_aUG573 _b.A5 1922 |
| 110 | 2 | _aArmy War College (U.S.) | |
| 245 | 1 | 4 |
_aThe Signal Corps and Air Service. _bA study of their expansion in the United States, 1917-1918 ... _cPrepared in the Historical Section, the Army War College, July, 1922. |
| 260 |
_aWashington, _bGovt. Print. Off., _c1922. |
||
| 300 |
_aviii, 128 p. _bfold. tab. _c24 cm. |
||
| 490 | 1 |
_aIts Monograph _vno. 16 |
|
| 500 | _aOn verso of t.-p.: War Department. Document no. 1109. The Adjutant General's Office. | ||
| 504 | _a"Statement of works, documents, and persons consulted": p. 126-128. | ||
| 610 | 1 | 0 |
_aUnited States. _bArmy. _bSignal Corps. |
| 610 | 1 | 0 |
_aUnited States. _bArmy. _bAir Corps. |
| 810 | 2 |
_aArmy War College (U.S.). _tMonograph _vno. 16. |
|
| 999 |
_c92389 _d92389 |
||